| 000 | 00745nam a22001935i 4500 | ||
|---|---|---|---|
| 001 | 159741 | ||
| 003 | ES-MaACL | ||
| 005 | 20230906211759.0 | ||
| 008 | 950223s1884 sp |||| | spa d | ||
| 040 |
_aCLM _bspa _cCCPB | SIC |
||
| 100 | 1 |
_aMiracle Carbonell, Federico. _9129965 |
|
| 245 | 1 | 0 |
_aManual de revisión de firmas y papeles sospechosos dedicado a la Academia de Jurisprudencia y Legislación de Barcelona / _cpor Federico Miracle y Carbonell. |
| 260 |
_aBarcelona : _b[s.n.], _c1884 ( _fImp. de Luis Tasso y Serra) |
||
| 300 |
_a220 p. ; _c21 cm. |
||
| 650 | 4 |
_aLegislación. _9136347 |
|
| 650 | 4 |
_aFalsificación- _zEspaña. _9136082 |
|
| 650 | 4 |
_aEscritura- _xIdentificación. _9173755 |
|
| 852 |
_aES-MaACL _jC-3468 _z-- Enc. hol. |
||
| 999 |
_c159741 _d159741 |
||